| 000 | 01290nam a2200241Ia 4500 | ||
|---|---|---|---|
| 999 |
_c56336 _d56336 |
||
| 001 | 23449 | ||
| 003 | GE_BSU | ||
| 005 | 20260120214120.0 | ||
| 008 | 181216s1991||||ge |||||||||||||| ||geo|| | ||
| 040 | _cGE_BSU | ||
| 041 | _ageo | ||
| 080 | _a94(479.22)"1783-1990 ს-96 | ||
| 100 |
_aსურგულაძე, აკაკი _9937 |
||
| 245 |
_aსაქართველოს ისტორია : _bსაკითხავი წიგნი, 1783-1990 / _cაკაკი სურგულაძე, პაატა სურგულაძე ; რედ. : გ. ფანჯიკიძე, ჯ. ოდიშელი ; თსუ, საქ. ახალგ. ისტორიკოსთა ასოციაცია.. |
||
| 264 |
_aთბილისი : _bმერონი, _c1991. |
||
| 300 |
_a461 გვ. ; _c22 სმ.. |
||
| 541 | _h14 ლ. | ||
| 653 | _aსაქართველოს ისტორია : საკითხავი წიგნი, 1783-1990 | ||
| 700 |
_aსურგულაძე, პაატა _eავტორი _9938 |
||
| 700 |
_aრედ. გ. ფანჯიკიძე., ჯ. _eრედაქტორი _926714 |
||
| 700 |
_aოდიშელი, ჯ. _eრედაქტორი _91547 |
||
| 942 |
_cBK _2udc |
||